000 00370nam a2200121 4500
999 _c517219
_d517219
082 _aTNC T19x54 B146d
100 _aBagchi, Amiya Kumar.
_924790
245 _aThe developmental state in history and the twentieth century
260 _aNew Delhi
_bRegency
_c2004
300 _a60p
650 _aDemocracy - India
_924791
650 _aEconomic Development - India
_924792